000 00341nam a22001337a 4500
005 20250908152220.0
008 250908b |||||||| |||| 00| 0 eng d
020 _a9780875085548
100 _aARTHUR WALLIS
245 _aGOD'S CHOSEN FAST
260 _aWASHINGTON
_bCHRISTIAN LITERATURE CRUSADE
_cc1968
300 _a154p
942 _2lcc
_cBK
_n0
999 _c7480
_d7480